000 00616cam a22002293a 4500
001 17318
003 PGUSA
005 20140828083353.0
008 051216s2005||||xxu|||||s|||||000 | eng d
040 _aPGUSA
_beng
042 _adc
050 4 _aPN
100 1 _aStratton, Clarence,
_d1880-1951
245 1 0 _aPublic Speaking
_h[electronic resource] /
_cClarence Stratton
260 _bProject Gutenberg,
_c2005
506 _aPublic domain in the USA.
516 _aElectronic text
653 _aOratory
830 0 _aProject Gutenberg
_v17318
856 4 0 _uhttp://www.gutenberg.org/ebooks/17318
942 _cEB
999 _c246573
_d246573